000 00651cam a22002293a 4500
001 28853
003 PGUSA
005 20140828083626.0
008 090517s2009||||xxu|||||s|||||000 | eng d
040 _aPGUSA
_beng
042 _adc
050 4 _aQB
100 1 _aMitton, G. E.
_q(Geraldine Edith)
245 1 4 _aThe Children's Book of Stars
_h[electronic resource] /
_cG. E. Mitton
260 _bProject Gutenberg,
_c2009
506 _aPublic domain in the USA.
516 _aElectronic text
653 _aAstronomy -- Juvenile literature
830 0 _aProject Gutenberg
_v28853
856 4 0 _uhttp://www.gutenberg.org/ebooks/28853
942 _cEB
999 _c258108
_d258108